000
00308nam a22001457a 4500
003
OSt
005
20160727222408.0
008
160624b xxu||||| |||| 00| 0 eng d
040
_c
TEST
100
_9
900
_a
Bush, C
245
_a
Gandhi
260
_a
NEW YORK
_b
BURKE
_c
1988
300
_a
Gandhi
942
_2
ddc
_c
BK
999
_c
714
_d
714